Statistics for Beatles Songs on the All Time Top 500 List

Click here to take the quiz!

General Stats

  • This quiz has been taken 5,249 times
  • The average score is 14 of 26

Answer Stats

RankingSong% Correct
#8Hey Jude
89%
John Lennon (#3)Imagine
86%
#20Let it Be
80%
#13Yesterday
78%
#29Help!
75%
#16I Want to Hold Your Hand
69%
#28A Day in the Life
62%
#205Come Together
60%
#138Eleanor Rigby
58%
#278Something
56%
#456Penny Lane
54%
#154A Hard Days Night
54%
#64She Loves You
54%
George Harrison (#460)My Sweet Lord
51%
#76Strawberry Fields Forever
50%
#136While My Guitar Gently Weeps
46%
#370All You Need is Love
44%
#23In My Life
42%
#186Please Please Me
39%
#83Norwegian Wood (This Bird Has Flown)
38%
#295Can't Buy Me Love
35%
#394Ticket to Ride
35%
#140I Saw Her Standing There
31%
#311With A Little Help From My Friends
31%
Paul McCartney (#347)Maybe I'm Amazed
29%
#469Rain
17%

Score Distribution

Percentile by Number Answered

Percent of People with Each Score

Your Score History

You have not taken this quiz